000 00759nam a2200313 4500
001 2648055
005 20250403093747.0
007 000
008 000
010 _a 50009757
015 _aGB50-9426
020 _a0074632175
035 _a(OCoLC)ocm00296333
035 _a(NNC)2648055
040 _aUOEL
_cCSU
_dUKM
_dZCU
050 _aQC320
_b.K48 1950
082 0 4 _a536.1
_218
090 _aQC320
_b.K45
100 1 _aKern, Donald Quentin,
_d1914-
245 1 0 _aProcess heat transfer /
_cKern, Donald Q.
250 _a1st ed.
260 _aNew York ;
_bMcGraw-Hill ,
_cc1950.
300 _axii,871p.
_billus.
_c24cm.
500 _aIncludes index
650 0 _aHeat
_xTransmission.
650 0 _aHeating.
942 _2lcc
_cBK
999 _c6240
_d6240